| 000 | 01310nam a2200301 a 4500 | ||
|---|---|---|---|
| 001 | 2368 | ||
| 003 | BD-RjUL | ||
| 005 | 20211208233531.0 | ||
| 008 | 160922s1973 ne bs 101 0 eng d | ||
| 020 | _a0720430682 | ||
| 035 | _a(BD-RjUL) | ||
| 040 |
_aDLC _cDLC _dDLC _d(BD-RjUL _beng |
||
| 041 | _aeng | ||
| 082 | 0 | 0 |
_a330.015195 _bECO 1973 _223 |
| 111 | 2 |
_aAustralasian Conference of Econometricians, _b2nd, _cMonash University, _d1971. _9157221 |
|
| 245 | 0 | 0 |
_aEconometric studies of macro and monetary relations : _bpapers presented at the second Australasian Conference of Econometricians held at Monash University, 9-13 August 1971 / _cedited by Alan A. Powell and Ross A. Williams. |
| 260 |
_aAmsterdam ; _aNew York : _bNorth-Holland Pub. Co.; _bAmerican Elsevier Pub. Co., _cc1973. |
||
| 300 |
_aviii, 358 p. ; _c23 cm. |
||
| 500 | _aOrganized by the Dept. of Economics of Monash University. | ||
| 504 | _aIncludes bibliographies and index. | ||
| 650 | 0 |
_aEconometrics _xCongresses. _96929 |
|
| 650 | 0 |
_aMacroeconomics _xMathematical models _xCongresses. _97688 |
|
| 650 | 0 |
_aMoney _xMathematical models _xCongresses. _97689 |
|
| 700 | 1 |
_aPowell, Alan A., _eed. _97690 |
|
| 700 | 1 |
_aWilliams, Ross A., _eed. _97691 |
|
| 710 | 2 |
_aMonash University, Melbourne. _bDepartment of Economics. _97692 |
|
| 942 |
_2ddc _cBK |
||
| 999 |
_c2368 _d2368 |
||